| 000 | 00615cam a2200217 a 4500 | ||
|---|---|---|---|
| 001 | 15267 | ||
| 003 | BD-RjUL | ||
| 005 | 20211208235801.0 | ||
| 008 | 140209s1957 enka 000 0 eng d | ||
| 035 | _a(BD-RjUL)15321 | ||
| 040 |
_aAPLS _beng _cAPLS _dVDU _dBD-RjUL |
||
| 041 | _aeng | ||
| 082 | 0 | 4 |
_a686.2 _bRYT 1957 |
| 100 | 1 |
_aRyder, John, _d1917-2001 _947461 |
|
| 245 | 1 | 0 |
_aTeach yourself printing for pleasure / _cJohn Ryder. |
| 246 | 3 | _aPrinting for pleasure | |
| 260 |
_aLondon : _bEnglish Universities Press, _c1957. |
||
| 300 |
_a142 p. : _bill. ; _c1957. |
||
| 650 | 0 |
_aPrinting. _947462 |
|
| 942 |
_2ddc _cBK |
||
| 999 |
_c15267 _d15267 |
||